| 000 | 00843cab a2200241 4500 | ||
|---|---|---|---|
| 001 | WB3422-43 | ||
| 008 | 090401t1998 xxu||||| |||| 00| 0 eng d | ||
| 035 | _a(Sirsi) u86715 | ||
| 041 | _aeng | ||
| 245 | _aRICS rethink management codes | ||
| 260 | _c1998 | ||
| 350 | _a0 | ||
| 490 |
_aProperty Week _v63(8) 5 June 1998, 16(1) |
||
| 520 | _aThe RICS is to revise its residential management code, less than two years after it was published, following four cases of chartered accountants appearing before their institution for service charge related offences. | ||
| 650 | _aCHARTERED ACCOUNTANTS | ||
| 650 | _aCOMPLAINTS | ||
| 650 | _aHOUSING ACT 1996 | ||
| 650 | _aRESIDENTIAL MANAGEMENT CODE | ||
| 650 | _aSERVICE CHARGES | ||
| 690 | _aMANAGEMENT-BUSINESS MANAGEMENT-PROFESSIONAL PRACTICE | ||
| 942 | _n0 | ||
| 948 | _c09/06/1998 | ||
| 999 |
_c54605 _d54605 |
||